000 00436nam a2200169Ia 4500
003 GCL
008 140319s9999 xx 000 0 ara d
040 _aGCL /
_cGCL
082 0 4 _aط
_b752
_bح ا
100 1 _aحلمى التونى
245 1 0 _aالالوان /
_cحلمى التونى
490 _aكتابى الاول
_v0
650 0 4 _aالاطفال
650 0 4 _aالتلوين
650 0 4 _aالالوان
942 _2ddc
_cBK
999 _c51366
_d51366